00418nam a2200157 a 450000100060000000300090000600800410001502000180005604000280007404100080010210000150011024500310012526000440015630000210020065000390022124364CO-ViMGA141112s2004 ck r 000 u spa d a9789589780930 aCO-ViMGAbspacCO-ViMGA aSPA1 aGomi, Taro10aA bañarse! / cTaro Gomi aMadrid : bFactoria K de libros, c2009 a40 p. : il. col.14aLEER ES MI CUENTO - COLECCION 2011